000 00963nam a2200253 a 4500
001 44103
003 BD-RjUL
005 20211209053812.0
008 160713s1963 ii ||||| |||| 00| 0 ben d
020 _c: IRs. 12.50
035 _a(BD-RjUL)44221
040 _aBD-RjUL
_bben
_cBD-RjUL
041 _aben
082 _223
_a891.73
_bPAD 1963
100 _aপাস্টেরনাক, বরিস
_9135420
245 1 0 _aডাক্তার জিভাগো /
_cবরিস পাস্টেরনাক ; অনুবাদ: দীপক চৌধুরী
250 _a২য় সং.
260 _aকলিকাতা :
_bরূপা এন্ড কোং,
_c১৯৬৩
300 _a৬৩০ পৃ. ;
_c২১ সেমি.
650 _aরাশিয়ান উপন্যাস
_9135421
650 _aRussian fiction
_9135422
700 _aচৌধুরী, দীপক, অনুবাদক
_9148083
942 _2ddc
_cBK
999 _c44103
_d44103